La population mondiale (notice n° 1558176)
[ vue normale ]
| 000 -LEADER | |
|---|---|
| fixed length control field | 01555cam a2200277zu 4500 |
| 003 - CONTROL NUMBER IDENTIFIER | |
| control field | FRCYB88921953 |
| 005 - DATE AND TIME OF LATEST TRANSACTION | |
| control field | 20251020125408.0 |
| 008 - FIXED-LENGTH DATA ELEMENTS--GENERAL INFORMATION | |
| fixed length control field | 251020s2020 fr | o|||||0|0|||fre d |
| 020 ## - INTERNATIONAL STANDARD BOOK NUMBER | |
| International Standard Book Number | 9782200628055 |
| 035 ## - SYSTEM CONTROL NUMBER | |
| System control number | FRCYB88921953 |
| 040 ## - CATALOGING SOURCE | |
| Original cataloging agency | FR-PaCSA |
| Language of cataloging | fr |
| Transcribing agency | |
| Description conventions | rda |
| 100 1# - MAIN ENTRY--PERSONAL NAME | |
| Personal name | David, Olivier |
| 245 01 - TITLE STATEMENT | |
| Title | La population mondiale |
| Remainder of title | Répartition, dynamique et mobilité |
| Statement of responsibility, etc. | ['David, Olivier'] |
| 264 #1 - PRODUCTION, PUBLICATION, DISTRIBUTION, MANUFACTURE, AND COPYRIGHT NOTICE | |
| Name of producer, publisher, distributor, manufacturer | Armand Colin |
| Date of production, publication, distribution, manufacture, or copyright notice | 2020 |
| 300 ## - PHYSICAL DESCRIPTION | |
| Extent | p. |
| 336 ## - CONTENT TYPE | |
| Content type code | txt |
| Source | rdacontent |
| 337 ## - MEDIA TYPE | |
| Media type code | c |
| Source | rdamdedia |
| 338 ## - CARRIER TYPE | |
| Carrier type code | c |
| Source | rdacarrier |
| 520 ## - SUMMARY, ETC. | |
| Summary, etc. | Avec plus de 7,7 milliards d'individus aujourd'hui, et des projections annonçant 9,7 milliards en 2050, la population mondiale devrait dépasser le seuil des 11 milliards en 2100 d'après l'ONU. La remarquable intensité de cette croissance est néanmoins très disparate d'une région à l'autre du monde ; et si elle est très soutenue dans certains pays, d'autres doivent faire face à un immobilisme et à un vieillissement sans précédent.Cet ouvrage propose une introduction simple aux notions et concepts utilisés en géographie de la population. Assorti de nombreuses illustrations et de repères faciles à mémoriser, il permet d'aborder et comprendre la grande variété des dynamiques démographiques, et les enjeux pour les populations à venir. |
| 650 #0 - SUBJECT ADDED ENTRY--TOPICAL TERM | |
| Topical term or geographic name entry element | |
| 700 0# - ADDED ENTRY--PERSONAL NAME | |
| Personal name | David, Olivier |
| 856 40 - ELECTRONIC LOCATION AND ACCESS | |
| Access method | Cyberlibris |
| Uniform Resource Identifier | <a href="https://international.scholarvox.com/netsen/book/88921953">https://international.scholarvox.com/netsen/book/88921953</a> |
| Electronic format type | text/html |
| Host name | |
Pas d'exemplaire disponible.




Réseaux sociaux